000 01593cam a2200133 4500500
005 20260329023257.0
041 _afre
042 _adc
100 1 0 _aMartuccelli, Danilo
_eauthor
245 0 0 _aLa société singulariste
260 _bArmand Colin,
_c2010.
520 _aS’il est devenu un lieu commun d’annoncer et souvent de dénoncer une prétendue uniformisation du monde, il conviendrait plutôt, au-delà de la convergence des préoccupations planétaires, de se demander si nos sociétés ne sont pas désormais avant tout gouvernées par un idéal massivement partagé de singularité, et travaillées en leur cœur par les multiples processus de singularisation qui en découlent. L’auteur du présent ouvrage suit à la trace les effets en tous domaines de cette expansion singulariste ; ce qui le mène à prendre acte, comme il est devenu urgent de le faire, d’une radicale déstabilisation de nos approches du social et du politique. Au-delà du bouleversement induit des habitudes les plus enracinées de la pratique sociologique, c’est toute notre conception de l’individualisme et, avec lui, de nos manières de faire société qui est remise en question. Le temps est venu de concevoir et de mettre en œuvre une nouvelle articulation entre les enjeux collectifs et les épreuves des individus, susceptible de singulariser l’étude des phénomènes sociaux. Il s’agit donc de rien moins que de bâtir une sociologie pour les individus.
856 4 1 _uhttps://shs.cairn.info/la-societe-singulariste--9782200248642?lang=fr&redirect-ssocas=7080
999 _c1926002
_d1926002